Vplyv rizika dlhovekosti na výpočty v životnom poistení bakalárska práca

Saved in:
Bibliographic Details
Main Author: Virgovičová, Martina
Corporate Author: Fakulta hospodárskej informatiky EU. Katedra matematiky
Other Authors: Šoltésová, Tatiana, 1975-
Format: Book
Language:Slovak
Published: Bratislava 2012
Tags: Add Tag
No Tags, Be the first to tag this record!

MARC

LEADER 00000nbm a2200000 4500
001 0156164
005 20161109111942.3
041 0 |a slo 
044 |a SK 
245 1 0 |a Vplyv rizika dlhovekosti na výpočty v životnom poistení  |b bakalárska práca  |c Martina Virgovičová ; školiteľ: Tatiana Šoltésová 
264 1 |a Bratislava  |c 2012 
300 |a 52 s. 
100 1 |a Virgovičová, Martina 
700 1 |a Šoltésová, Tatiana, 1975- 
710 2 |a Fakulta hospodárskej informatiky EU. Katedra matematiky